000 01084cam a2200217 4500
001 WB@3612-241
008 040727n2004 000 0 eng u
035 _a(Sirsi) u126949
245 _aSpanish economy
260 _c2004
490 _aRICS European Alert
_vJuly 2004, 6 (1)
520 _aIn the first quarter of 2004, Spain experienced a 2.8% growth in annual GDP - the highest in two years. Growth in 2004 has been driven by higher domestic demand and rising exports. However, imports also increased by 6.7%, compared to a European wide average of 2.7%. Employment increases have been led by the construction and service industries, which make up 76% of all jobs. Office rents were also down 12% in the first quarter of 2004 from the same time last year, this was due to a slowdown in growth of both overall employment and service sector employment. http://www.rics.org/europe/index.html
590 _aWB
590 _aWB
650 _aOFFICE MARKET
650 _aSPAIN
650 _aLABOUR MARKET
650 _aECONOMY
690 _aECONOMIC ISSUES
942 _n0
999 _c117778
_d117778